Statistics for Hungarian names of towns formerly in Austria-Hungary

Click here to take the quiz!

General Stats

  • This quiz has been taken 26 times
  • The average score is 24 of 62

Answer Stats

HintAnswer% Correct
PozsonyBratislava
85%
BécsVienna
75%
KolozsvárCluj-Napoca
70%
TemesvárTimișoara
70%
TrencsénTrenčín
70%
KassaKošice
65%
EszékOsijek
65%
SzabadkaSubotica
65%
GyulafehérvárAlba Iulia
60%
NagyváradOradea
60%
ÚjvidékNovi Sad
55%
SegesvárSighișoara
55%
ZsolnaŽilina
55%
BesztercebányaBanská Bystrica
50%
VarasdVaraždin
50%
VajdahunyadHunedoara
45%
KárolyvárosKarlovac
45%
EperiesPrešov
45%
SzatmárnémetiSatu Mare
45%
NagyszebenSibiu
45%
DunaszerdahelyDunajská Streda
40%
MunkácsMukačevo
40%
MuraszombatMurska Sobota
40%
PancsovaPančevo
40%
RimaszombatRimavská Sobota
40%
UngvárUžhorod
40%
BécsújhelyWiener Neustadt
40%
NagybányaBaia Mare
35%
BeszterceBistrița
35%
CsáktornyaČakovec
35%
NagykárolyCarei
35%
LosoncLučenec
35%
TurócszentmártonMartin
35%
MedgyesMediaș
35%
NagymihályMichalovce
35%
ÉrsekújvárNové Zámky
35%
MarosvásárhelyTârgu Mureș
35%
NagyszombatTrnava
35%
VersecVršac
35%
NagybecskerekZrenjanin
35%
BeregszászBerehove
30%
KaproncaKoprivnica
30%
CsíkszeredaMiercurea Ciuc
30%
NaszódNăsăud
30%
ResicabányaReșița
30%
MáramarosszigetSighetu Marmației
30%
ZólyomZvolen
30%
PélmonostorBeli Manastir
25%
KismartonEisenstadt
25%
NezsiderNeusiedl am See
25%
BazinPezinok
25%
NagygoricaVelika Gorica
25%
VerőceVirovitica
25%
ZilahZalău
25%
DiakovárĐakovo
20%
ÚjszandecNowy Sącz
20%
NekcseNašice
15%
ÚjgradiskaNova Gradiška
15%
SzalatnokSlatina (Croatia)
15%
KőrösKriževci
10%
KutenyaKutina
10%
PerlakPrelog
10%

Score Distribution

Percentile by Number Answered

Percent of People with Each Score

Your Score History

You have not taken this quiz